A Practical Guide to Logistics: An Introduction to Transport, Warehousing and Distribution. (Record no. 3848)

MARC details
005 - DATE AND TIME OF LATEST TRANSACTION
control field 20250612113726.0
020 ## - INTERNATIONAL STANDARD BOOK NUMBER
International Standard Book Number 978 1 3986 1269 3
082 ## - DEWEY DECIMAL CLASSIFICATION NUMBER
Classification number 658.5 RUD
100 ## - MAIN ENTRY--PERSONAL NAME
Author name RUDD, J.
245 ## - TITLE STATEMENT
Title A Practical Guide to Logistics: An Introduction to Transport, Warehousing and Distribution.
250 ## - EDITION STATEMENT
Edition statement 2nd Ed.
260 ## - PUBLICATION, DISTRIBUTION, ETC.
Place of publication, distribution, etc. Britain,
Name of publisher, distributor, etc. koganPage,
Date of publication, distribution, etc. 2024.
300 ## - PHYSICAL DESCRIPTION
Extent xvii, 397p.: ill.; figure, picture, table
Other physical details Index & References
Dimensions 25cm
942 ## - ADDED ENTRY ELEMENTS (KOHA)
Source of classification or shelving scheme Dewey Decimal Classification
Koha item type Books
Holdings
Date last seen Total checkouts Full call number Barcode Cost, replacement price Price effective from Koha item type Lost status Source of classification or shelving scheme Damaged status Not for loan Withdrawn status Home library Current library Shelving location Date acquired Cost, normal purchase price
06/12/2025   658.5 RUD 00000012716 288152.22 06/12/2025 Books   Dewey Decimal Classification       College of Business Education Main Library College of Business Education Main Library General Collection 09/17/2024 96050.74
06/12/2025   658.5 RUD 00000012717 288152.22 06/12/2025 Books   Dewey Decimal Classification       College of Business Education Main Library College of Business Education Main Library General Collection 09/17/2024 96050.74
06/12/2025   658.5 RUD 00000012718 288152.22 06/12/2025 Books   Dewey Decimal Classification       College of Business Education Main Library College of Business Education Main Library General Collection 09/17/2024 96050.74
06/12/2025   658.5 RUD 00000012719 288152.22 06/12/2025 Books   Dewey Decimal Classification       College of Business Education Main Library College of Business Education Main Library General Collection 09/17/2024 96050.74
06/12/2025   658.5 RUD 00000012720 288152.22 06/12/2025 Books   Dewey Decimal Classification       College of Business Education Main Library College of Business Education Main Library Special Reserve Collection 09/17/2024 96050.74